Southville International School and Colleges
Your cart is empty.
  • Cart
  • Lists
    Public lists Eva Luna New books Lux_list list_1
    Your lists Log in to create your own lists
  • Log in to your account
  • Your cookies
  • Search history
Southville International School and Colleges
  • Advanced search
  • Recent comments
  • Most popular
  • Libraries

Log in to your account

Log in with GOOGLE


If you do not have an external account, but do have a local account, you can still log in:

  1. Home
  2. MARC view: Physical education technology playbook /
Normal view MARC view ISBD view

Physical education technology playbook / (Record no. 24904)

[ view plain ]
MARC details
000 -LEADER
fixed length control field 00807nam a2200205 a 4500
005 - DATE AND TIME OF LATEST TRANSACTION
control field 20140310183548.0
008 - FIXED-LENGTH DATA ELEMENTS--GENERAL INFORMATION
fixed length control field 110926s19uu xx 00 eng d
020 ## - INTERNATIONAL STANDARD BOOK NUMBER
International Standard Book Number 9780736060554
050 ## - LIBRARY OF CONGRESS CALL NUMBER
Classification number GV 364
Item number .C37 2008
100 ## - MAIN ENTRY--PERSONAL NAME
Personal name Castelli, Darla M.
245 ## - TITLE STATEMENT
Title Physical education technology playbook /
Statement of responsibility, etc Darla M. Castelli.
260 ## - PUBLICATION, DISTRIBUTION, ETC. (IMPRINT)
Place of publication, distribution, etc Champaign, IL :
Name of publisher, distributor, etc Human Kinetics,
Date of publication, distribution, etc 2008.
300 ## - PHYSICAL DESCRIPTION
Extent 118 p. :
Other physical details ill. ;
Dimensions 28 cm.
500 ## - GENERAL NOTE
General note Includes free companion Website with modules, lesson plans, and handouts. Includes bibliographical references.
650 ## - SUBJECT ADDED ENTRY--TOPICAL TERM
Topical term or geographic name as entry element Physical education and training -
General subdivision Data processing.
650 ## - SUBJECT ADDED ENTRY--TOPICAL TERM
Topical term or geographic name as entry element Physical education -
General subdivision Training.
700 ## - ADDED ENTRY--PERSONAL NAME
Personal name Fiorentino, Leah Holland
942 ## - ADDED ENTRY ELEMENTS (KOHA)
Koha item type Books
Source of classification or shelving scheme Library of Congress Classification
Call number prefix Foreign
Holdings
Withdrawn status Lost status Source of classification or shelving scheme Damaged status Home library Current library Shelving location Date acquired Total Checkouts Full call number Barcode Date last seen Copy number Price effective from Koha item type
    Library of Congress Classification   College Library College Library General Circulation Section 09/26/2011   GV 364 .C37 2008 C13660 05/15/2018 1 10/18/2013 Books

Physical education technology playbook /

APA

Castelli D. M., Fiorentino L. H., . (2008). Physical education technology playbook. Champaign, IL: Human Kinetics.

Chicago

Castelli Darla M, Fiorentino Leah Holland, . 2008. Physical education technology playbook. Champaign, IL: Human Kinetics.

Harvard

Castelli D. M., Fiorentino L. H., . (2008). Physical education technology playbook. Champaign, IL: Human Kinetics.

MLA

Castelli Darla M, Fiorentino Leah Holland, . Physical education technology playbook. Champaign, IL: Human Kinetics. 2008.

  • Place hold
  • Print
  • Cite
  • Add to your cart (remove)
  • Save record
    BIBTEX Dublin Core MARCXML MARC (non-Unicode/MARC-8) MARC (Unicode/UTF-8) MARC (Unicode/UTF-8, Standard) MODS (XML) RIS
  • More searches
    Search for this title in:
    Other Libraries (WorldCat) Other Databases (Google Scholar) Online Stores (Bookfinder.com) Open Library (openlibrary.org)

Exporting to Dublin Core...

SOUTHVILLE LIBRARY

Southville International School and Colleges Library

1281 Tropical Ave. Cor. Luxembourg St., BF Homes International, Las Pinas City

Tel. No. 8256374 / 252358 Loc. 117/146

Powered by Koha